| 000 -LEADER |
| fixed length control field |
01521cam a2200337 a 4500 |
| 001 - CONTROL NUMBER |
| control field |
14485222 |
| 003 - CONTROL NUMBER IDENTIFIER |
| control field |
NUST |
| 005 - DATE AND TIME OF LATEST TRANSACTION |
| control field |
20200225111946.0 |
| 008 - FIXED-LENGTH DATA ELEMENTS--GENERAL INFORMATION |
| fixed length control field |
060807s2006 cau q 000 0 eng |
| 010 ## - LIBRARY OF CONGRESS CONTROL NUMBER |
| LC control number |
2006025952 |
| 020 ## - INTERNATIONAL STANDARD BOOK NUMBER |
| International Standard Book Number |
9781932907186 (pbk.) |
| 020 ## - INTERNATIONAL STANDARD BOOK NUMBER |
| International Standard Book Number |
1932907181 (pbk.) |
| 038 ## - RECORD CONTENT LICENSOR |
| Staff Name |
waseem |
| 040 ## - CATALOGING SOURCE |
| Original cataloging agency |
DLC |
| Transcribing agency |
DLC |
| Modifying agency |
DLC |
| 050 00 - LIBRARY OF CONGRESS CALL NUMBER |
| Classification number |
PN1996 |
| Item number |
.H289 c2006 |
| 082 00 - DEWEY DECIMAL CLASSIFICATION NUMBER |
| Classification number |
808.23 |
| Author Mark |
HAM |
| 100 1# - MAIN ENTRY--PERSONAL NAME |
| Personal name |
Hamlett, Christina. |
| 9 (RLIN) |
28595 |
| 245 10 - TITLE STATEMENT |
| Title |
Screenwriting for teens : |
| Remainder of title |
the 100 principles of scriptwriting every budding writer must know / |
| Statement of responsibility, etc. |
Christina Hamlett. |
| 246 0# - VARYING FORM OF TITLE |
| Display text |
Other title information from cover: |
| Title proper/short title |
The 100 principles of screenwriting every budding writer must know |
| 260 ## - PUBLICATION, DISTRIBUTION, ETC. |
| Place of publication, distribution, etc. |
Studio City, CA : |
| Name of publisher, distributor, etc. |
Michael Wiese Productions, |
| Date of publication, distribution, etc. |
c2006. |
| 300 ## - PHYSICAL DESCRIPTION |
| Extent |
xvi, 228 p. ; |
| Dimensions |
19 x 28 cm. |
| 504 ## - BIBLIOGRAPHY, ETC. NOTE |
| Bibliography, etc. note |
Filmography (p. 201-224). |
| 504 ## - BIBLIOGRAPHY, ETC. NOTE |
| Bibliography, etc. note |
Includes bibliographical references (p. 225-226). |
| 650 #0 - SUBJECT ADDED ENTRY--TOPICAL TERM |
| Topical term or geographic name entry element |
Motion picture authorship. |
| 9 (RLIN) |
28596 |
| 856 41 - ELECTRONIC LOCATION AND ACCESS |
| Materials specified |
Table of contents only |
| Uniform Resource Identifier |
<a href="http://www.loc.gov/catdir/toc/ecip0618/2006025952.html">http://www.loc.gov/catdir/toc/ecip0618/2006025952.html</a> |
| 856 42 - ELECTRONIC LOCATION AND ACCESS |
| Materials specified |
Publisher description |
| Uniform Resource Identifier |
<a href="http://www.loc.gov/catdir/enhancements/fy0716/2006025952-d.html">http://www.loc.gov/catdir/enhancements/fy0716/2006025952-d.html</a> |
| 856 42 - ELECTRONIC LOCATION AND ACCESS |
| Materials specified |
Contributor biographical information |
| Uniform Resource Identifier |
<a href="http://www.loc.gov/catdir/enhancements/fy0913/2006025952-b.html">http://www.loc.gov/catdir/enhancements/fy0913/2006025952-b.html</a> |
| 906 ## - LOCAL DATA ELEMENT F, LDF (RLIN) |
| a |
7 |
| b |
cbc |
| c |
orignew |
| d |
1 |
| e |
ecip |
| f |
20 |
| g |
y-gencatlg |
| 942 ## - ADDED ENTRY ELEMENTS (KOHA) |
| Source of classification or shelving scheme |
|
| Koha item type |
Book |